| 000 | 00358pam a2200157a 44500 | ||
|---|---|---|---|
| 008 | 230515b1994 xxu||||| |||| 00| 0 eng d | ||
| 020 | _aNULL | ||
| 041 | _aENGL | ||
| 082 | _a330 APT. | ||
| 100 | _a"APTE PRADEEP.," | ||
| 245 | _aDUNKEL DRAFT:MYTH & REALITY | ||
| 250 | _a0 | ||
| 260 |
_aPUNE _bC.D.R.D. _c1994 |
||
| 300 | _aVI+139 | ||
| 650 | _aECONOMICS | ||
| 999 |
_c539166 _d539166 |
||